000 00327 a2200121 4500
000 nam a22 7a 4500
005 20260429104324.0
020 _a9780262049726
100 _aChristian Kastner
_91235936
245 _aMachine Learning in Production: From Models to Products
260 _bThe MIT Press
_c2025
942 _cTEXL
999 _c1848624
_d1848624